El circulo carmesí / (Registro nro. 8489)

Detalles MARC
000 -LIDER
fixed length control field 00889nam a22003137a 4500
001 - NÚMERO DE CONTROL
Identificador de número de control 0074
003 - IDENTIFICACDOR DE NÚMERO DE CONTROL
control field DO-SdBNP
005 - DATE AND TIME OF LATEST TRANSACTION
control field 20180118105325.0
007 - CAMPOS FIJOS DE DESCRIPCIÓN FÍSICA
fixed length control field 0074
008 - ELEMENTOS DE LONGITUD FIJA
fixed length control field 151028b sp 1988 xxu||||| |||| 00| 0 spa d
020 ## - ISBN
International Standard Book Number 8475254837
040 ## - FUENTE DE CATALOGACIÓN
Agencia que crea de manera original el registro BPMSU
Idioma de catalogación spa
Agencia que realiza la transcripción BPMSU
041 17 - CÓDIGOS DE OBRAS TRADUCIDAS O EN VARIOS IDIOMAS
Código del idioma del texto/archivo de sonido o separata spa
Cód. del idioma original y/o traducciones intermedias del texto eng
092 ## - LOCALLY ASSIGNED DEWEY DECIMAL CALL NUMBER
Número de clasificación xxxxxxx
Número de ítem (Cutter) xxxxxxx
100 10 - ASIENTO PRINCIPAL -- NOMBRE PERSONAL
Nombre personal Wallace, Edgar
Fechas asociadas con el nombre 1875-1932
245 13 - MENCIÓN DE TITULO
Título El circulo carmesí /
Subtítulo Edgar Wallace; traducción Luis Sánchez-Bardón ; ilustración Mario Lacoma
246 10 - VARIACION DEL TÍTULO
Título propiamente dicho o título corto The crimson circle
260 ## - PUBLICACIÓN, DISTRIBUCIÓN, ETC. (PIE DE IMPRENTA)
Lugar de publicación, distribución, etc Madrid, España :
Nombre del editor, distribuidor, etc. Anaya,
Fecha de publicación, distribución, etc 1988
300 ## - DESCRIPCIÓN FÍSICA
Extensión 256 p. :
Otros detalles físicos il.,
Dimensiones 19 cm.
490 10 - MENCIÓN DE SERIES
Mención de serie Tus libros
490 10 - MENCIÓN DE SERIES
Mención de serie Policiacos
Volume/sequential designation 81
700 10 - ASIENTO SECUNDARIO -- NOMBRE PERSONAL
Nombre personal Sánchez-Bardón, Luis,
Mención de responsabilidad tr.
700 10 - ASIENTO SECUNDARIO -- NOMBRE PERSONAL
Nombre personal Lacoma, Mario,
Mención de responsabilidad il.
830 00 - ASIENTO SECUNDARIO DE SERIE--TÍTULO UNIFORME
Título uniforme Tus libros
830 00 - ASIENTO SECUNDARIO DE SERIE--TÍTULO UNIFORME
Título uniforme Policiacos
Número de la parte o sección de una obra 81
942 ## - ADDED ENTRY ELEMENTS (KOHA)
Source of classification or shelving scheme Dewey Decimal Classification
Koha item type Libros
945 ## - INFORMACIÓN DE PROCESAMIENTO LOCAL
Información de procesamiento local inventariado, 2018 / dg
956 ## - LOCAL ELECTRONIC LOCATION AND ACCESS (OCLC)
Nombre de host Brenda Tavárez
Existencias
Withdrawn status Lost status Source of classification or shelving scheme Damaged status Not for loan Home library Current library Date acquired Source of acquisition Total Checkouts Barcode Date last seen Price effective from Koha item type
    Dewey Decimal Classification     Biblioteca Pública Metropolitana Salomé Ureña Biblioteca Pública Metropolitana Salomé Ureña 10/28/2015 Donación   BPMSU15100226 10/28/2015 10/28/2015 Libros